000 00684cam a2200229 i 4500
005 20260331113949.0
008 250906s2022 jo ||||gr|||| 00| 0 eng d
020 _a9789923390917
040 _aJO-AmGAM
_erda
082 1 4 _a629.286
_bA T A
100 1 _aBASHEER ، AL-ATAWNEH
_eAuthor.
245 1 0 _aAUTOMOTIVE AFTERSALES MANAGEMENT /
_cBY ENGINEER BASHEER AL ATAWNEH.
250 _aSECOND EDITION.
264 3 1 _aAMMAN :
_c2022.
_bBASHEER AL ATAWNEH.
300 _a370 page.
336 _2rdacontent
_aنص
_btxt
337 _2rdamedia
_aدون وسيط عرض
_bn
338 _2rdacarrier
_aمجلد
_bnc
650 1 7 _aAutomatire.
942 _2ddc
_cBK
999 _c247805
_d247805